Máximos goleadores de la Copa Mundial de Fútbol - Estadísticas

Estadísticas generales
  • Esta prueba ha sido intentada 6.229 veces
  • La puntuación promedio es 8 de 15
Estadísticas de respuestas
Goles Selección Ediciones disputadas Jugador % Correcto
13 Argentina 2006, 2010, 2014, 2018, 2022 Lionel Messi
97%
15 Brasil 1994, 1998, 2002, 2006 Ronaldo
96%
12 Francia 2018, 2022 Kylian Mbappé
92%
14 Alemania 1970, 1974 Gerd Müller
91%
10 Alemania 2010, 2014, 2018, 2022 Thomas Müller
91%
16 Alemania 2002, 2006, 2010, 2014 Miroslav Klose
90%
12 Brasil 1958, 1962, 1966, 1970 Pelé
90%
10 Argentina 1994, 1998, 2002 Gabriel Batistuta
50%
13 Francia 1958 Just Fontaine
32%
10 Inglaterra 1986, 1990 Gary Lineker
26%
10 Perú 1970, 1978, 1982 Teófilo Cubillas
25%
11 Alemania 1990, 1994,1998 Jürgen Klinsmann
17%
11 Hungría 1954 Sándor Kocsis
15%
10 Polonia 1974, 1978, 1982 Grzegorz Lato
10%
10 Alemania 1954, 1958 Helmut Rahn
5%
No se encontraron pruebas coincidentes
Distribución de puntuación
Porcentaje de gente con cada puntuación
Porcentaje por número respondido
Historial de tus puntuaciones
No has intentado esta prueba.